000 00623nam a2200229Ia 4500
003 OSt
005 20221005073450.0
006 a|||||r|||| 00| 0
007 ta
008 221004b |||||||| |||| 00| 0 ara d
024 _a8322
037 _cTextual
040 _aCRL
_cCRL
_bara
041 _2ara
_aara
082 _aO164,1:gx, 168P3
100 _aFarooqi Johra
_9608027
245 0 _aAwadh ke Farsi Go shora 1721 se 1856
260 _aNew Delhi
_bIndia
_c2003
650 _aPERSIAN LITERATURE
_9309
942 _hO164,1:gx, 168P3
_cTEXL
_2cc
999 _c981170
_d981170